00541nam a22001577a 4500020002200000041001200022082000800034100002600042245006300068260010900131300000800240650001600248942000700264952009500271999001700366 a978-81-7821-461-0 aEnglish a242 aJohn, Rev. E.C.(comp) aLord Let Me Share: Life and Writings of Canon Subir Biswas aTiruvalla, KeralabThe Ecumenical Christian Academy, NCCI, and Christava Sahitya Samiti, Tiruvallac2012 a101 aMeditations cBK 00104070aHMIbHMIcGENd2018-04-27g90.00l0o242p11003222r2026-01-16w2026-01-16yBK c20941d20941